Online Catalogue and eLibrary

Playing lions & tigers / (Record no. 468)

MARC details
000 -LEADER
fixed length control field 00442cam a22001817a 4500
001 - CONTROL NUMBER
control field 14032904
005 - DATE AND TIME OF LATEST TRANSACTION
control field 20240222001133.0
008 - FIXED-LENGTH DATA ELEMENTS--GENERAL INFORMATION
fixed length control field 050711s2004 ii 000 1 eng
020 ## - INTERNATIONAL STANDARD BOOK NUMBER
ISBN 8186945199
040 ## - CATALOGING SOURCE (பட்டியலாக்க மூலம்)
Original cataloging agency DLC
Transcribing agency DLC
082 ## - DDC Classification
DDC Edition Number 22
Class No. 322.42
Item Number - Author Mark PLA.
100 0# - MAIN ENTRY--PERSONAL NAME
Personal name Rohini.
245 10 - TITLE STATEMENT
Title Playing lions & tigers /
Statement of responsibility, etc. Rohini.
260 ## - PUBLICATION, DISTRIBUTION, ETC.
Place of publication, distribution, etc. Chennai, India :
Name of publisher, distributor, etc. Earthworm Books,
Date of publication, distribution, etc. 2004.
300 ## - PHYSICAL DESCRIPTION
Extent (e.g. Volumes, Pages etc.) xiv, 420 p. ;
500 ## - GENERAL NOTE
General note Novel.
942 ## - Koha item type (Biblio)
Koha item type Books in Stacks (Lending)
Holdings
Lost status Damaged status Collection code Home library Current library Date acquired Full call number Accession Number Item type
    Lending WERC Library WERC Library 02/22/2024 322.42 PLA. 1925 Books in Stacks (Lending)

© WERC Library